000 006970000a22002170004500
090 _aAR
_b03234
245 1 0 _aChoosing rules to govern the commons: a model with evidence from Mexico
500 _a<Valoración y equidad>
650 1 4 _aAcceso a los recursos
_995226
650 1 4 _aEquidad
_93813
650 1 4 _aDistribución de beneficios
_996801
650 1 4 _aCooperativismo
_918005
650 1 4 _aAcción participativa
_995567
650 1 4 _aEconomía
_993484
650 1 4 _aPropiedad común
_996805
651 4 _pMéxico
_992749
041 0 _aInglés
100 1 _aDayton Johnson, Jeff
_996795
942 _cARTICULO
773 1 _tJournal of Economic Behavior Organization
_31425
_q19-41
_d2000
_g42
999 _c12289
_d12289